书目信息 |
| 题名: |
趣闻甘肃
|
|
| 作者: | 高亚芳 , 秦炳峰 , 杨阿莉 编著 | |
| 分册: | ||
| 出版信息: | 北京 旅游教育出版社 2008.09 |
|
| 页数: | 14, 323页 | |
| 开本: | 21cm | |
| 丛书名: | 中国旅游文化趣闻宝典 | |
| 单 册: | ||
| 中图分类: | F592.742 | |
| 科图分类: | ||
| 主题词: | 旅游--lu you--文化--甘肃省 | |
| 电子资源: | ||
| ISBN: | 978-7-5637-1733-0 | |
| 000 | 01128nam 2200301 450 | |
| 001 | 012010117031 | |
| 005 | 20100102173259.90 | |
| 010 | @a978-7-5637-1733-0@dCNY21.00 | |
| 100 | @a20100102d2008 em y0chi0120 ea | |
| 101 | 0 | @achi |
| 102 | @aCN@b110000 | |
| 105 | @aa a 000yy | |
| 106 | @ar | |
| 200 | 1 | @a趣闻甘肃@Aqu wen gan su@d= Gansu anecdotes@f高亚芳, 秦炳峰, 杨阿莉编著@Fgao ya fang,qin bing feng,yang a li bian zhu@zeng |
| 210 | @a北京@c旅游教育出版社@d2008.09 | |
| 215 | @a14, 323页@c图@d21cm | |
| 225 | 2 | @a中国旅游文化趣闻宝典@Azhong guo lu you wen hua qu wen bao dian |
| 320 | @a有书目 (第321-323页) | |
| 330 | @a本书共分为历史甘肃、文物甘肃、古迹甘肃、甘肃宗教、地理甘肃、山水甘肃、风情甘肃、饮食甘肃、文娱甘肃、购物甘肃、交通甘肃、名人甘肃等十二部分内容。 | |
| 410 | 0 | @12001 @a中国旅游文化趣闻宝典 |
| 510 | 1 | @aGansu anecdotes@zeng |
| 606 | 0 | @a旅游@Alu you@x文化@y甘肃省 |
| 690 | @aF592.742@v4 | |
| 701 | 0 | @a高亚芳@Agao ya fang@4编著 |
| 701 | 0 | @a秦炳峰@Aqin bing feng@4编著 |
| 701 | 0 | @a杨阿莉@Ayang a li@4编著 |
| 801 | 0 | @aCN@bQSSK@c20100102 |
| 905 | @b770005-07@dF592.742@eG201@f3 | |
| 趣闻甘肃= Gansu anecdotes/高亚芳, 秦炳峰, 杨阿莉编著.-北京:旅游教育出版社,2008.09 |
| 14, 323页:图;21cm.-(中国旅游文化趣闻宝典) |
| ISBN 978-7-5637-1733-0:CNY21.00 |
| 本书共分为历史甘肃、文物甘肃、古迹甘肃、甘肃宗教、地理甘肃、山水甘肃、风情甘肃、饮食甘肃、文娱甘肃、购物甘肃、交通甘肃、名人甘肃等十二部分内容。 |
| ● |
| 相关链接 |
|
|
|
正题名:趣闻甘肃
索取号:F592.742/G201
 
预约/预借
| 序号 | 登录号 | 条形码 | 馆藏地/架位号 | 状态 | 备注 |
| 1 | 770005 | 207700059 | 社科库409/409社科库 40排1列3层/ [索取号:F592.742/G201] | 在馆 | |
| 2 | 770006 | 207700068 | 社科库409/400B社科库 3排3列4层/ [索取号:F592.742/G201] | 在馆 | |
| 3 | 770007 | 207700077 | 社科库409/400B社科库 3排3列4层/ [索取号:F592.742/G201] | 在馆 |